00885nam a22002177a 450000500170000001000150001702000240003202000270005603500140008303700130009708200140011010000200012424501410014426000610028527000640034630000330041050000500044394200280049399900170052195201290053820150817110603.0 aENG-113563 c1395.00a0199454671 c1395.00a9780199454679 aEN- 97095 bDBAD/PUB a726.10954 aMichell, George aLate temple architecture of India 15th to 19th centuries : cby George Michellbcontinuities, revivals, appropriations and innovations / aNew Delhi bOxford University Pressc2015 aYMCA Library Buiding, 1 Jai Singh Road, bNew Delhie110001 a351p. :c25cm(Hb)bill.,maps aIncludes bibliographical references and index 2ddccENmMICh726.10954 c95108d95108 001040718NFICaDBADbDBADd2015-07-20eDBAD/PUBg1395.00l0o726.10954 MICpEN-97095r2015-07-20 00:00:00t1v1395.00yEN